Wszyscy Piłkarze Liverpoolu - Statystyki

Ogólne statystyki
  • Ten quiz został rozwiązany 150 razy
  • Średni wynik to 14 z 32
Statystyki odpowiedzi
Pozycja Piłkarz % Poprawnych
BR Alisson
96%
PN Salah
90%
ŚO Van Dijk
87%
LO Robertson
82%
N Firmino
80%
LN Mane
80%
ŚO Matip
74%
ŚO Gomez
71%
PO Alexander-Arnold
69%
ŚP Henderson
68%
ŚPD Fabinho
66%
BR Adrian
57%
ŚP Milner
56%
N Origi
54%
BR Karius
49%
BR Kelleher
46%
ŚP Keita
45%
ŚP Wijnaldum
44%
LO Tsimikas
35%
ŚP Jones
31%
PN Shaqiri
29%
LN Minamino
27%
PO Williams
23%
ŚP Oxlade-Chamberlain
19%
N Brewster
9%
ŚO Van Den Berg
8%
PN Wilson
5%
ŚPO Woodburn
4%
PN Ojo
3%
N Awoniyi
2%
ŚP Ejaria
1%
ŚP Grujić
1%
Nie znaleziono quizów pasujących do podanych kryteriów
Rozkład punktacji
Procent ludzi z każdym wynikiem
Percentyl według liczby udzielonych odpowiedzi
Twoja historia wyników
Nie rozwiązałeś tego quizu